000 00390nam a2200169Ia 4500
001 24896
005 20260414151114.0
008 260414t1998||||xx |||||||||||||| ||spa||
041 _aESP
082 _a346C4
_bC29 T.1
100 _aCastillo Freyre, Mario
_eAUT
245 0 _aTentaciones académicas
_b
260 _c1998
650 _aDER
654 _aCDE
942 _cLIB
_dJUS
_fJUS
_2ddc
_n
999 _c24896
_d24896